| 000 | 00545 a2200193 4500 | ||
|---|---|---|---|
| 003 | Nust | ||
| 005 | 20221013192537.0 | ||
| 020 | _a0137163819 | ||
| 040 | _cNust | ||
| 082 | _a604.2,GOS | ||
| 100 |
_aGoss,Larry D _9100244 |
||
| 245 |
_aProblems in Engineering Drawing _bfor design,product development, and numerical control _cLarry D.Goss, Warren j. Luzadder |
||
| 250 | _avolume II | ||
| 260 |
_aCliffs _bPrentice Hall _c1981 |
||
| 300 | _a80p | ||
| 600 |
_aLarry D Goss _9100245 |
||
| 650 |
_aEngineering Drawing _973872 |
||
| 942 |
_2ddc _cBK |
||
| 999 |
_c183097 _d183097 |
||